Problém stále aktuálny

Bibliographic Details
Main Author: Košťany, Miroslav, 1939-2016 (Author)
Format: Article
Language:Slovak
PhysicalDescription:Obr. 1.
Subjects:

MARC

LEADER 00000nab a2200000 a 4500
001 vtls000318475
003 SK-MaSNL
005 20260305030657.0
008 111201c1978 xo 0 slo
015 |a SNBRB19rr/mm-uuuuu 
035 |a CL0008567 
040 |a SNKBUCL  |b slo  |c SNKBUCL  |e AACR2 
041 0 |a slo 
044 |a xo  |c SK 
080 |a 361/362  |2 1981 
080 |a 323(437.6)  |2 1981 
100 1 |a Košťany, Miroslav,  |d 1939-2016  |4 aut  |9 155500 
245 1 0 |a Problém stále aktuálny  |c Miroslav Košťany 
300 |b Obr. 1. 
650 0 7 |a Rómovia  |2 snkbucl  |9 1702 
651 7 |a 5404  |2 snkbucl  |9 351966 
651 7 |a 5400  |2 snkbucl  |9 279426 
651 7 |a Východoslovenský kraj (Slovensko)  |2 snkbucl  |9 161537 
655 7 |a články z novín a časopisov  |2 snkbucl  |9 267496 
773 0 |t Hlas ľudu  |g Roč. 24, č. 104 (4. 5. 1978), s. 2 
850 |a Slovenská národná knižnica v Martine  |a MTA001 
852 |a SNK  |b KIS3GCP 
958 |a RK 
992 |a RBX 
999 |c 3312741  |d 3314671